Fundamentals of electricity, (Record no. 545366)
[ view plain ]
| 000 -LEADER | |
|---|---|
| fixed length control field | 00913cam a2200193u 4500 |
| 082 00 - DEWEY DECIMAL CLASSIFICATION NUMBER | |
| Classification number | 621.3 |
| Author Mark | EVD |
| -- | L-9 P-65 |
| 100 ## - MAIN ENTRY--PERSONAL NAME | |
| Personal name | Evdimov,F.E |
| 9 (RLIN) | 41193 |
| 110 2# - MAIN ENTRY--CORPORATE NAME | |
| Corporate name or jurisdiction name as entry element | Mir publisher |
| 9 (RLIN) | 41194 |
| 245 00 - TITLE STATEMENT | |
| Title | Fundamentals of electricity, |
| Statement of responsibility, etc. | Rewritten to conform to the Preinduction training course in fundamentals of electricity as prepared by the War department ... |
| 260 ## - PUBLICATION, DISTRIBUTION, ETC. | |
| Place of publication, distribution, etc. | Moscow, |
| -- | Cincinnati [etc.] |
| Name of publisher, distributor, etc. | American book company |
| Date of publication, distribution, etc. | [1943] |
| 300 ## - PHYSICAL DESCRIPTION | |
| Extent | vii, 194 p. incl. front., illus., diagrs. |
| Dimensions | 24 cm. |
| 490 0# - SERIES STATEMENT | |
| Series statement | Training for victory |
| 500 ## - GENERAL NOTE | |
| General note | "Mr. Ralph P. Brown ... revised and edited the text."--Preface, signed: Russell J. Greenly, chief, Personnel division, Industrial relations department, Carnegie-Illinois steel corporation. |
| 526 ## - STUDY PROGRAM INFORMATION NOTE | |
| Program name | 0 |
| Interest level | 0 |
| Reading level | 0 |
| Title point value | 621_300000000000000_EVD |
| 650 #0 - SUBJECT ADDED ENTRY--TOPICAL TERM | |
| Topical term or geographic name entry element | Electricity. |
| 9 (RLIN) | 39895 |
| 650 #0 - SUBJECT ADDED ENTRY--TOPICAL TERM | |
| Topical term or geographic name entry element | MCE |
| 9 (RLIN) | 379 |
| 700 1# - ADDED ENTRY--PERSONAL NAME | |
| Personal name | Brown, Ralph P., [from old catalog] |
| 9 (RLIN) | 41195 |
| 942 ## - ADDED ENTRY ELEMENTS (KOHA) | |
| Source of classification or shelving scheme | |
| Koha item type | Book |
| Withdrawn status | Lost status | Source of classification or shelving scheme | Damaged status | Not for loan | Permanent Location | Current Location | Date acquired | Total Checkouts | Full call number | Barcode | Date last seen | Price effective from | Koha item type |
|---|---|---|---|---|---|---|---|---|---|---|---|---|---|
| Military College of Engineering (MCE) | Military College of Engineering (MCE) | 05/21/2014 | 621.3 EVD | MCE-3599 | 05/21/2014 | 05/21/2014 | Book |
